Farhang-i iṣt̤ilāḥāt-i falsafah. (Record no. 65711)

MARC details
000 -LEADER
fixed length control field 00850cam a22002771 4500
001 - CONTROL NUMBER
control field sa 65008586
003 - CONTROL NUMBER IDENTIFIER
control field DLC
005 - DATE AND TIME OF LATEST TRANSACTION
control field 20260227112155.0
008 - FIXED-LENGTH DATA ELEMENTS--GENERAL INFORMATION
fixed length control field 890724s1962 pk d 000 0 urdr
010 ## - LIBRARY OF CONGRESS CONTROL NUMBER
LC control number sa 65008586
035 ## - SYSTEM CONTROL NUMBER
System control number (OCoLC)20061389
040 ## - CATALOGING SOURCE
Original cataloging agency DLC
Transcribing agency WaU
Modifying agency OCoLC
-- DLC
041 0# - LANGUAGE CODE
Language code of text/sound track or separate title urdeng
042 ## - AUTHENTICATION CODE
Authentication code premarc
050 00 - LIBRARY OF CONGRESS CALL NUMBER
Classification number B48.U7
Item number K3
110 2# - MAIN ENTRY--CORPORATE NAME
Corporate name or jurisdiction name as entry element University of Karachi.
Subordinate unit Bureau of Composition, Compilation and Translation.
245 10 - TITLE STATEMENT
Title Farhang-i iṣt̤ilāḥāt-i falsafah.
260 ## - PUBLICATION, DISTRIBUTION, ETC.
Date of publication, distribution, etc. [1962]
300 ## - PHYSICAL DESCRIPTION
Extent 5, 110 p.
Dimensions 23 cm.
500 ## - GENERAL NOTE
General note Cover title: A dictionary of philosophical terms.
500 ## - GENERAL NOTE
General note English and Urdu.
500 ## - GENERAL NOTE
General note Text partially vocalized.
650 #0 - SUBJECT ADDED ENTRY--TOPICAL TERM
Topical term or geographic name entry element Philosophy
General subdivision Dictionaries
-- Urdu.
650 #0 - SUBJECT ADDED ENTRY--TOPICAL TERM
Topical term or geographic name entry element English language
General subdivision Dictionaries
-- Urdu.
740 0# - ADDED ENTRY--UNCONTROLLED RELATED/ANALYTICAL TITLE
Uncontrolled related/analytical title Dictionary of philosophical terms.

No items available.

Powered by Koha